| 000 | 00874nam a22002537a 4500 | ||
|---|---|---|---|
| 005 | 20160729102938.0 | ||
| 008 | 160729b2008 pe ||||| |||| 00| 0 spa d | ||
| 040 |
_aCO-BoIAVH _cCO-BoIAVH |
||
| 041 | _aspa | ||
| 044 | _ape | ||
| 082 |
_a333.9516085 _bI58 |
||
| 110 | 1 |
_aPerú. _bInstituto de Recursos Naturales. |
|
| 245 | 1 | 0 | _aSantuario nacional Tabaconas Namballe. |
| 260 |
_aLima, Perú: _bInstituto Nacional de Recursos Naturales del Perú, _c2008. |
||
| 300 | _a142 páginas. | ||
| 650 | 0 |
_aEcosistemas de páramo _zPerú |
|
| 650 | 0 |
_aOso de anteojos _xconservación _zPerú |
|
| 650 | 0 |
_aTapir de montaña _zPerú |
|
| 650 | 0 |
_aPodocarpus _xbosque |
|
| 650 | 0 | _aLagunas Arreviatadas | |
| 650 | 0 |
_aBiodiversidad _xinvestigación _zPerú |
|
| 650 | 0 |
_aServicios ambientales _zPerú |
|
| 942 |
_2ddc _cLIBRO |
||
| 999 |
_c18935 _d18935 |
||